000 00873nac a22002537a 4500
001 BR8302483
003 BR-BrBNA
005 20240105115727.0
008 230509b bl.|||m| |||| 00| 0 por d
040 _aBR-BrBNA
_bpor
_cBiblioteca Nacional de Agricultura
072 _aH00; N10
090 _a3870 BR8302483
110 1 _aEmpresa Brasileira de Assistencia Tecnica e Extensao Rural, Brasilia, DF
_93797
245 1 _aDeposito de lixo toxico [pesticida]
_bTecnica para producao vegetal
260 3 _aBrasilia, DF (Brasil):
_c1983.
300 _a3 p.
490 _aFichario de Tecnologias Adaptadas - Empresa Brasileira de Assistencia Tecnica e Extensao Rural (Brazil)
_vv. 15(335)
_x
650 _aTECNOLOGIA APROPRIADA
650 _aPESTICIDA
650 _aPOCO
650 _aRESIDUO
909 _a202312
_bLúcia Elande
_c55
_dLúcia Elande
942 _2AGRIS
_n0
_cMS
999 _c276106
_d276106